Appendicular - Pelvic Girdle + Femur - Statistics

General Stats
  • This quiz has been taken 10 times
  • The average score is 6 of 20
Answer Stats
Hint Answer % Correct
deep, cup-shaped cavity on the lateral side of the hip bone; articulates with the head of femur = coxal joint acetabulum
75%
long as bone femur
63%
superior portion ilium
63%
anterior, inferior portion pubis
63%
curved upper ridge; what you can feel when you place your hand on your hips iliac crest
50%
large oval or triangular opening between the ishium and pubis obturator foramen
50%
posterioir, inferior part; sit bone ischium
50%
large, lateral projection next to the neck; attachment site for gluteal muscles (glutues medius and minimus) greater trochanter
25%
smooth, round ball at the medial side; fits well into the acetabulum of the pelvis = hip joint head
25%
small bump above the LC; attachment for lateral knee ligamets lateral epicondyle
25%
the smooth, concave inner surface on the medial side iliac fossa
13%
deep groove between the two condyles on the posterior side; allow space for cruciate ligaments intercondylar fossa
13%
smooth, rounded surface at the lateral distal end; articulates with the tibia and meniscus lateral condyle
13%
smalle, psterioir-medial bump belowthe neck; insertion point for iliopsoas muscle, major hip flexor lesser trochanter
13%
larger rounded surface on the medial side; articulates woth the tibia = knee joint medial condyle
13%
consist of 2 pelvis aka coxal pelvic girdle
13%
aka trochlear surface; smooth, shallow groove on the front between condyles; articulates with the patella patellar surface
0%
the ischial tuberosities and ischial spines; lower opening of the pelvis pelvic outlet
0%
a cartilaginous join where the left and right pubis bones meet at the midline of the body pubic symphysis joint
0%
the flattened, medial surface of each pubic bone; articulates with its opposite side at the PS symphyseal surface
0%
No matching quizzes found
Score Distribution
Percent of People with Each Score
Percentile by Number Answered
Your Score History
You have not taken this quiz